[Event "Open 2003 des PSV Rostock"]
[Site "Rostock"]
[Date "2003.08.28"]
[Round "1.26"]
[White "Sonnenberger, Kirsten"]
[Black "Glebow, Roman"]
[Result "1-0"]
[WhiteElo "2052"]
[BlackElo "1498"]
[PlyCount "77"]
[EventDate "2003.08.28"]
[EventType "swiss"]
[EventRounds "7"]
[EventCountry "GER"]
[Source "Th. Schwetlick"]
[SourceDate "2003.08.28"]

1. e4 e6 2. d4 d5 3. Nc3 Bb4 4. e5 c5 5. a3 cxd4 6. Qxd4 Nc6 7. Bb5 Ba5 8. b4
Bc7 9. Bxc6+ bxc6 10. Nf3 Ne7 11. Bg5 h6 12. Qh4 Rg8 13. Be3 Nf5 14. Qxd8+ Kxd8
15. Bc5 Bb6 16. Na4 Bxc5 17. Nxc5 Kc7 18. O-O a5 19. c3 a4 20. g4 Ne7 21. Nd4
Ba6 22. Rfe1 Bc4 23. Re3 Nc8 24. f4 g6 25. Rh3 Ne7 26. Rxh6 Rh8 27. Rxh8 Rxh8
28. Kg2 Bb5 29. Re1 Rh7 30. Kg3 Rh8 31. h4 Nc8 32. Rh1 Nb6 33. Rh2 Nc4 34. Nc2
Nb2 35. Ne3 Nc4 36. Nxc4 Bxc4 37. h5 gxh5 38. Rxh5 Rg8 39. Rh7 1-0

[Event "Open 2003 des PSV Rostock"]
[Site "Rostock"]
[Date "2003.08.28"]
[Round "1.27"]
[White "Wessolek, Peter"]
[Black "Luetje, Juergen"]
[Result "0-1"]
[WhiteElo "1492"]
[BlackElo "2042"]
[PlyCount "80"]
[EventDate "2003.08.28"]
[EventType "swiss"]
[EventRounds "7"]
[EventCountry "GER"]
[Source "Th. Schwetlick"]
[SourceDate "2003.08.28"]

1. e4 c5 2. f4 Nc6 3. Nf3 d6 4. c4 g6 5. Nc3 Bg7 6. Be2 e6 7. O-O Nge7 8. d3
O-O 9. Be3 Nd4 10. Nb5 Nxb5 11. cxb5 Bxb2 12. Rb1 Bg7 13. Qd2 b6 14. h4 f5 15.
h5 d5 16. hxg6 Nxg6 17. e5 Bd7 18. d4 c4 19. Ng5 Bh6 20. Nf3 Qe7 21. g3 a6 22.
a4 axb5 23. axb5 Ra5 24. Kg2 Rfa8 25. Qe1 Ra2 26. Rh1 Bf8 27. Ng5 h6 28. Nf3
Qa3 29. Bd2 c3 30. Bc1 Qa5 31. Kh3 c2 32. Rb2 Rxb2 33. Bxb2 Bxb5 34. Bxb5 Qxb5
35. Qc1 Ra2 36. Bc3 Qd3 37. Ne1 Qxc3 38. Rh2 Ba3 39. Rxc2 Rxc2 40. Qxc2 Qxe1
0-1

[Event "Open 2003 des PSV Rostock"]
[Site "Rostock"]
[Date "2003.08.28"]
[Round "1.28"]
[White "Giese, Guido"]
[Black "Mueggenburg, Rolf"]
[Result "1-0"]
[WhiteElo "2023"]
[BlackElo "1460"]
[PlyCount "35"]
[EventDate "2003.08.28"]
[EventType "swiss"]
[EventRounds "7"]
[EventCountry "GER"]
[Source "Th. Schwetlick"]
[SourceDate "2003.08.28"]

1. Nc3 c6 2. e4 e5 3. Nf3 f6 4. Nxe5 fxe5 5. Qh5+ g6 6. Qxe5+ Qe7 7. Qxh8 Qg7
8. Qxg7 Bxg7 9. Bc4 Ne7 10. d3 b5 11. Bb3 a5 12. a4 b4 13. Ne2 c5 14. h4 Bb7
15. h5 Ra6 16. hxg6 Rxg6 17. Nf4 Rg4 18. f3 1-0

[Event "Open 2003 des PSV Rostock"]
[Site "Rostock"]
[Date "2003.08.28"]
[Round "1.29"]
[White "Uphoff, Juergen"]
[Black "Kuprat, Thomas"]
[Result "0-1"]
[WhiteElo "1413"]
[BlackElo "2012"]
[PlyCount "82"]
[EventDate "2003.08.28"]
[EventType "swiss"]
[EventRounds "7"]
[EventCountry "GER"]
[Source "Th. Schwetlick"]
[SourceDate "2003.08.28"]

1. d4 Nf6 2. Nf3 e6 3. e3 b6 4. c4 Bb7 5. Nc3 Bb4 6. Bd2 O-O 7. a3 Bxc3 8. Bxc3
Ne4 9. Be2 Nxc3 10. bxc3 d6 11. O-O Nc6 12. Qc2 e5 13. d5 Nb8 14. e4 Nd7 15.
Ne1 Nc5 16. f3 a5 17. Nd3 Nd7 18. f4 exf4 19. Nxf4 Ne5 20. Bd3 Ba6 21. Qe2 Qe8
22. a4 Bc8 23. h3 Bd7 24. Qc2 f6 25. Rfd1 Nxd3 26. Qxd3 Bxa4 27. Re1 Bd7 28.
Re3 Qe5 29. Ne2 Rae8 30. Nd4 f5 31. Rae1 fxe4 32. Rxe4 Qf6 33. Qf3 Qxf3 34.
Nxf3 Rxe4 35. Rxe4 Re8 36. Rxe8+ Bxe8 37. Kf1 a4 38. Nd2 Bg6 39. Ke1 Bc2 40. c5
b5 41. cxd6 cxd6 0-1

[Event "Open 2003 des PSV Rostock"]
[Site "Rostock"]
[Date "2003.08.28"]
[Round "1.30"]
[White "Dankesreiter, Arne"]
[Black "Ehlers, Michael"]
[Result "1-0"]
[WhiteElo "1995"]
[BlackElo "1340"]
[PlyCount "77"]
[EventDate "2003.08.28"]
[EventType "swiss"]
[EventRounds "7"]
[EventCountry "GER"]
[Source "Th. Schwetlick"]
[SourceDate "2003.08.28"]

1. b3 d5 2. Bb2 Nc6 3. e3 Bf5 4. Bb5 Qd6 5. Bxc6+ Qxc6 6. d3 O-O-O 7. Ne2 f6 8.
Nd4 Qd7 9. Nxf5 Qxf5 10. O-O e5 11. Nd2 Bc5 12. d4 Bb6 13. dxe5 fxe5 14. Nf3 e4
15. Bxg7 exf3 16. Qxf3 Qxf3 17. gxf3 Ne7 18. Bxh8 Rg8+ 19. Kh1 Rxh8 20. Rad1 c6
21. Rg1 Nf5 22. Rg5 Nh4 23. f4 Ng6 24. f5 Ne7 25. Rdg1 Rf8 26. Rg7 Nxf5 27. Rg8
Rxg8 28. Rxg8+ Kd7 29. Rh8 h6 30. Rh7+ Kc8 31. Kg2 Bxe3 32. fxe3 Nxe3+ 33. Kf3
Nxc2 34. Rxh6 Kc7 35. Rg6 Kb6 36. h4 Kc5 37. h5 d4 38. h6 d3 39. h7 1-0

[Event "Open 2003 des PSV Rostock"]
[Site "Rostock"]
[Date "2003.08.28"]
[Round "1.31"]
[White "Kupfer, Wilfried"]
[Black "Resnjanskij, Denis"]
[Result "0-1"]
[WhiteElo "1185"]
[BlackElo "1953"]
[PlyCount "26"]
[EventDate "2003.08.28"]
[EventType "swiss"]
[EventRounds "7"]
[EventCountry "GER"]
[Source "Th. Schwetlick"]
[SourceDate "2003.08.28"]

1. e4 c5 2. Nf3 e6 3. d4 cxd4 4. Nxd4 a6 5. Nc3 Ne7 6. Nb3 Qc7 7. Qf3 Ng6 8.
Bd3 Nc6 9. Qe3 b5 10. f4 Nb4 11. f5 Ne5 12. a3 Nexd3+ 13. cxd3 Nc2+ 0-1

[Event "Open 2003 des PSV Rostock"]
[Site "Rostock"]
[Date "2003.08.28"]
[Round "1.32"]
[White "Brack, Peter"]
[Black "Deicke, Detlef"]
[Result "1-0"]
[WhiteElo "1916"]
[BlackElo "995"]
[PlyCount "113"]
[EventDate "2003.08.28"]
[EventType "swiss"]
[EventRounds "7"]
[EventCountry "GER"]
[Source "Th. Schwetlick"]
[SourceDate "2003.08.28"]

1. Nf3 c5 2. c4 Nc6 3. Nc3 Nf6 4. d4 cxd4 5. Nxd4 g6 6. g3 Bg7 7. Bg2 O-O 8.
O-O Nxd4 9. Qxd4 Ne8 10. Qd3 Nc7 11. Be3 Re8 12. Rfd1 Na6 13. a3 Nb8 14. Bd4 e5
15. Be3 Nc6 16. Nb5 Bf8 17. h4 a6 18. Nc3 Bg7 19. Nd5 Nd4 20. Bg5 f6 21. Be3 d6
22. Bxd4 exd4 23. Bf3 f5 24. Nb4 Rb8 25. Nc2 Qb6 26. b4 Bd7 27. Nxd4 Ba4 28.
Rd2 Re7 29. e3 Kh8 30. Rc1 Be8 31. Ne2 Be5 32. Nc3 Bf7 33. c5 dxc5 34. Na4 Qf6
35. Nxc5 Be8 36. Qb3 Rc8 37. Rcd1 Rg7 38. Bxb7 Rxb7 39. Nxb7 Bc6 40. Rd8+ Rxd8
41. Rxd8+ Kg7 42. Rg8+ Kh6 43. Nd8 Bxg3 44. Nf7+ Kh5 45. Qd1+ Kxh4 46. fxg3+
Kxg3 47. Qd6+ Qxd6 48. Nxd6 Kf3 49. Rc8 Ba4 50. Ra8 Bb5 51. Nxb5 axb5 52. Re8
h5 53. Re5 h4 54. Kh2 Kg4 55. Rxb5 g5 56. a4 Kf3 57. Rxf5+ 1-0

[Event "Open 2003 des PSV Rostock"]
[Site "Rostock"]
[Date "2003.08.28"]
[Round "2.1"]
[White "Kutschke, Peter"]
[Black "Schramm, Christian"]
[Result "1/2-1/2"]
[WhiteElo "2109"]
[BlackElo "2353"]
[PlyCount "60"]
[EventDate "2003.08.28"]
[EventType "swiss"]
[EventRounds "7"]
[EventCountry "GER"]
[Source "Th. Schwetlick"]
[SourceDate "2003.08.28"]

1. e4 c5 2. c4 e6 3. Nc3 b6 4. Nf3 Bb7 5. d4 cxd4 6. Nxd4 d6 7. Be3 Nf6 8. f3
Be7 9. Be2 O-O 10. O-O a6 11. Qd2 Nbd7 12. Rfd1 Qc7 13. Rac1 Rac8 14. a3 Qb8
15. b4 Ne5 16. Na4 Ned7 17. Nb3 Bc6 18. b5 axb5 19. cxb5 Ba8 20. Rxc8 Rxc8 21.
Rc1 Nc5 22. Naxc5 dxc5 23. a4 Bd6 24. g3 Bxg3 25. hxg3 Qxg3+ 26. Kf1 Bxe4 27.
fxe4 Nxe4 28. Qd3 Qh3+ 29. Kg1 Qg3+ 30. Kf1 Qh3+ 1/2-1/2

[Event "Open 2003 des PSV Rostock"]
[Site "Rostock"]
[Date "2003.08.28"]
[Round "2.2"]
[White "Rudolf, Henrik"]
[Black "Miersch, Marco"]
[Result "0-1"]
[WhiteElo "2316"]
[BlackElo "2106"]
[PlyCount "72"]
[EventDate "2003.08.28"]
[EventType "swiss"]
[EventRounds "7"]
[EventCountry "GER"]
[Source "Th. Schwetlick"]
[SourceDate "2003.08.28"]

1. e4 c5 2. Nf3 d6 3. d4 cxd4 4. Nxd4 Nf6 5. Nc3 a6 6. Bg5 e6 7. f4 Be7 8. Qf3
Qc7 9. O-O-O O-O 10. g4 b5 11. Bd3 Nbd7 12. e5 dxe5 13. Nc6 Bc5 14. Bxf6 Nxf6
15. fxe5 Nd7 16. Ne4 Bb7 17. Qh3 h6 18. b4 Bxc6 19. bxc5 Nxe5 20. Rhe1 Nxd3+
21. Rxd3 Bxe4 22. Rxe4 Qxc5 23. Red4 Rad8 24. Qe3 Rxd4 25. Qxd4 Qxd4 26. Rxd4
f5 27. gxf5 exf5 28. Kd2 Rf6 29. Ke3 Kf7 30. Rd7+ Kg6 31. Kf4 Re6 32. Rd2 Re4+
33. Kf3 Kg5 34. Rg2+ Kf6 35. Rd2 g5 36. Rd6+ Re6 {ZÜ} 0-1

[Event "Open 2003 des PSV Rostock"]
[Site "Rostock"]
[Date "2003.08.28"]
[Round "2.3"]
[White "Oldach, Ehrenfried"]
[Black "Knuth, Hannes"]
[Result "0-1"]
[WhiteElo "2057"]
[BlackElo "2313"]
[PlyCount "52"]
[EventDate "2003.08.28"]
[EventType "swiss"]
[EventRounds "7"]
[EventCountry "GER"]
[Source "Th. Schwetlick"]
[SourceDate "2003.08.28"]

1. e4 c5 2. Nf3 Nc6 3. d4 cxd4 4. Nxd4 Nf6 5. Nc3 e6 6. Ndb5 d6 7. Bf4 e5 8.
Bg5 a6 9. Na3 b5 10. Nd5 Be7 11. Bxf6 Bxf6 12. c3 Bb7 13. Nc2 O-O 14. Nce3 Bg5
15. Bd3 Bxe3 16. Nxe3 Ne7 17. O-O d5 18. exd5 Nxd5 19. Qh5 e4 20. Bc2 Nxe3 21.
fxe3 Qd2 22. Bb3 Qxe3+ 23. Kh1 Qb6 24. Rxf7 Kh8 25. Raf1 Qd6 26. Qe5 Rxf7 0-1

[Event "Open 2003 des PSV Rostock"]
[Site "Rostock"]
[Date "2003.08.28"]
[Round "2.4"]
[White "Tomczak, Rafal"]
[Black "Schinke, Andreas"]
[Result "1-0"]
[WhiteElo "2295"]
[BlackElo "2072"]
[PlyCount "97"]
[EventDate "2003.08.28"]
[EventType "swiss"]
[EventRounds "7"]
[EventCountry "GER"]
[Source "Th. Schwetlick"]
[SourceDate "2003.08.28"]

1. e4 d5 2. exd5 Nf6 3. d4 Qxd5 4. Nc3 Qa5 5. Nf3 c6 6. Bc4 Bf5 7. Bd2 Qc7 8.
Ne5 e6 9. Bf4 Bd6 10. Qe2 Nbd7 11. Bg3 O-O 12. Nxd7 Qxd7 13. Be5 Be7 14. f3 b5
15. Bb3 Qb7 16. O-O Nd7 17. Bg3 a6 18. Ne4 Qb6 19. c3 c5 20. Bf2 Qc7 21. Kh1 c4
22. Bc2 Nb6 23. Bg3 Qc6 24. b3 cxb3 25. axb3 Rfc8 26. Bd3 Nd5 27. Rfc1 Qb6 28.
c4 Nb4 29. Bf2 Nxd3 30. Qxd3 Rd8 31. Qe2 Qc6 32. Ng3 Bg6 33. d5 Qd7 34. Rd1
bxc4 35. bxc4 exd5 36. cxd5 a5 37. Ne4 a4 38. d6 Bf6 39. Nxf6+ gxf6 40. Qe7
Qxe7 41. dxe7 Re8 42. Bc5 Bc2 43. Rd4 f5 44. g4 f6 45. Rd2 Bb3 46. gxf5 Kf7 47.
Rg1 Rg8 48. e8=Q+ Kxe8 49. Re1+ 1-0

[Event "Open 2003 des PSV Rostock"]
[Site "Rostock"]
[Date "2003.08.28"]
[Round "2.5"]
[White "Luetje, Juergen"]
[Black "Hueneburg, Christian"]
[Result "0-1"]
[WhiteElo "2042"]
[BlackElo "2268"]
[PlyCount "118"]
[EventDate "2003.08.28"]
[EventType "swiss"]
[EventRounds "7"]
[EventCountry "GER"]
[Source "Th. Schwetlick"]
[SourceDate "2003.08.28"]

1. e4 c5 2. c3 e6 3. d4 b6 4. Be3 Bb7 5. f3 Nc6 6. d5 exd5 7. exd5 Nce7 8. c4
Nf5 9. Bf2 Bd6 10. Qd3 Ngh6 11. Nc3 O-O 12. Nge2 Re8 13. O-O-O Qg5+ 14. Kb1 Ne3
15. Re1 Nxf1 16. Rexf1 f5 17. g3 a6 18. h4 Qe7 19. Re1 Qf6 20. Be3 Nf7 21. Bf4
b5 22. b3 bxc4 23. bxc4 Rab8 24. Kc2 Bxf4 25. Nxf4 Ne5 26. Qe3 d6 27. Qe2 Bc8
28. Nh5 Qg6 29. f4 Bd7 30. fxe5 Rxe5 31. Qf3 f4+ 32. Kc1 Rxh5 33. gxf4 Rf5 34.
Re7 Qf6 35. Rxd7 Rxf4 36. Qe3 Rxc4 37. Qe6+ Qxe6 38. dxe6 Rxc3+ 39. Kd2 Rf3 40.
e7 Re8 41. Re1 Kf7 42. Rxd6 Rf2+ 43. Kc3 Rxa2 44. Rd7 Rf2 45. Kc4 Rf5 46. Ra7
h6 47. Re4 g5 48. Rxa6 h5 49. hxg5 Rxg5 50. Rf4+ Kxe7 51. Ra7+ Kd6 52. Ra6+ Ke5
53. Rf1 Rg4+ 54. Kxc5 Rc8+ 55. Kb5 h4 56. Re1+ Kf5 57. Rae6 Rc2 58. Re8 Kf4 59.
Rf1+ Kg3 {ZÜ} 0-1

[Event "Open 2003 des PSV Rostock"]
[Site "Rostock"]
[Date "2003.08.28"]
[Round "2.6"]
[White "Steinhagen, Bernd"]
[Black "Sonnenberger, Kirsten"]
[Result "1-0"]
[WhiteElo "2222"]
[BlackElo "2052"]
[PlyCount "65"]
[EventDate "2003.08.28"]
[EventType "swiss"]
[EventRounds "7"]
[EventCountry "GER"]
[Source "Th. Schwetlick"]
[SourceDate "2003.08.28"]

1. c4 Nf6 2. Nc3 g6 3. g3 Bg7 4. Bg2 O-O 5. Nf3 d6 6. O-O e5 7. b3 Nc6 8. Bb2
h6 9. d3 Be6 10. a3 Qd7 11. Re1 a6 12. b4 Bh3 13. Bh1 Rad8 14. e3 Ng4 15. b5
axb5 16. cxb5 Ne7 17. d4 e4 18. Nxe4 Qxb5 19. Qe2 Qh5 20. a4 Kh7 21. Rab1 f5
22. Ned2 Nd5 23. Qb5 c6 24. Qxb7 f4 25. exf4 Nxf4 26. Re7 Rg8 27. gxf4 Ne5 28.
Nxe5 dxe5 29. Bf3 Bg4 30. Qxc6 exf4 31. Bxg4 Qxg4+ 32. Qg2 Qf5 33. Rc1 1-0

[Event "Open 2003 des PSV Rostock"]
[Site "Rostock"]
[Date "2003.08.28"]
[Round "2.7"]
[White "Kuprat, Thomas"]
[Black "Jeske, Eckhard"]
[Result "0-1"]
[WhiteElo "2012"]
[BlackElo "2213"]
[PlyCount "78"]
[EventDate "2003.08.28"]
[EventType "swiss"]
[EventRounds "7"]
[EventCountry "GER"]
[Source "Th. Schwetlick"]
[SourceDate "2003.08.28"]

1. d4 Nf6 2. c4 c6 3. Nc3 d5 4. Nf3 g6 5. e3 Bg7 6. Bd3 O-O 7. O-O Bg4 8. b3 e5
9. dxe5 Nfd7 10. Be2 Bxf3 11. gxf3 Bxe5 12. Bb2 dxc4 13. Bxc4 Nb6 14. Be2 Qe7
15. f4 Bg7 16. Qc2 N8d7 17. Bf3 Rfd8 18. Rfd1 Nf6 19. Ne2 Nbd5 20. a3 Re8 21.
Be5 Rad8 22. Qb2 Rd7 23. Rd2 Red8 24. Rad1 Nb6 25. a4 Ne8 26. Bxg7 Nxg7 27. a5
Nd5 28. b4 a6 29. Ng3 f5 30. Qb3 Qe6 31. Be2 Ne8 32. Bc4 Nef6 33. Ne2 Kf8 34.
Nc3 Rd6 35. Na4 Ne4 36. Rd4 Ke7 37. Nc5 Nxc5 38. bxc5 R6d7 39. Qa2 Qf7 {ZÜ} 0-1

[Event "Open 2003 des PSV Rostock"]
[Site "Rostock"]
[Date "2003.08.28"]
[Round "2.8"]
[White "Schoenrock, Ruediger"]
[Black "Giese, Guido"]
[Result "1/2-1/2"]
[WhiteElo "2203"]
[BlackElo "2023"]
[PlyCount "58"]
[EventDate "2003.08.28"]
[EventType "swiss"]
[EventRounds "7"]
[EventCountry "GER"]
[Source "Th. Schwetlick"]
[SourceDate "2003.08.28"]

1. e4 g6 2. d4 Bg7 3. Nf3 c5 4. c3 Qa5 5. Nbd2 cxd4 6. Nc4 Qc7 7. cxd4 Nf6 8.
e5 Nd5 9. Bd2 Nc6 10. Rc1 O-O 11. Qb3 d6 12. Na3 Be6 13. Bc4 Na5 14. Bxd5 Nxb3
15. Rxc7 Nxd2 16. Bxb7 Nxf3+ 17. gxf3 Rab8 18. O-O dxe5 19. d5 Bh3 20. Rd1 e4
21. Nc4 exf3 22. Bc6 Bxb2 23. Rxe7 Bd4 24. Re4 Bc5 25. Ne5 Rb2 26. Nd3 Rc2 27.
Ba4 Rc3 28. Nxc5 Rxc5 29. d6 Rg5+ 1/2-1/2

[Event "Open 2003 des PSV Rostock"]
[Site "Rostock"]
[Date "2003.08.28"]
[Round "2.9"]
[White "Resnjanskij, Denis"]
[Black "Gottschalk, Jens"]
[Result "0-1"]
[WhiteElo "1953"]
[BlackElo "2195"]
[PlyCount "94"]
[EventDate "2003.08.28"]
[EventType "swiss"]
[EventRounds "7"]
[EventCountry "GER"]
[Source "Th. Schwetlick"]
[SourceDate "2003.08.28"]

1. d4 Nf6 2. c4 c5 3. Nf3 g6 4. Nc3 cxd4 5. Nxd4 Nc6 6. e4 d6 7. Be2 Bg7 8. Be3
Bd7 9. Qd2 Rc8 10. f3 a6 11. O-O O-O 12. b3 Nxd4 13. Bxd4 Bc6 14. a4 Qa5 15.
Rfd1 Nd7 16. Bxg7 Kxg7 17. Qb2 Kg8 18. b4 Qb6+ 19. Kh1 a5 20. b5 Nc5 21. e5
dxe5 22. Rab1 Be8 23. Nd5 Qe6 24. f4 e4 25. Qe5 Qxe5 26. fxe5 Kg7 27. Nxe7 Ra8
28. Ra1 Bd7 29. Rd5 b6 30. Rd6 f5 31. exf6+ Rxf6 32. Rxf6 Kxf6 33. Nd5+ Ke5 34.
Nxb6 Ra7 35. Rd1 Be6 36. Kg1 Rb7 37. Nd5 Nxa4 38. Ra1 Nc5 39. Rxa5 Bxd5 40. b6
Kd4 41. cxd5 Rxb6 42. Ra1 Kxd5 43. Rd1+ Ke5 44. Kf2 Ne6 45. Rd7 Rb2 46. Ke3 Nf4
47. Bf1 Nd5+ 0-1

[Event "Open 2003 des PSV Rostock"]
[Site "Rostock"]
[Date "2003.08.28"]
[Round "2.10"]
[White "Priebe, Jan"]
[Black "Dankesreiter, Arne"]
[Result "1/2-1/2"]
[WhiteElo "2181"]
[BlackElo "1995"]
[PlyCount "127"]
[EventDate "2003.08.28"]
[EventType "swiss"]
[EventRounds "7"]
[EventCountry "GER"]
[Source "Th. Schwetlick"]
[SourceDate "2003.08.28"]

1. e4 d5 2. exd5 Qxd5 3. Nc3 Qa5 4. d4 c6 5. Bc4 Nf6 6. Qe2 Bf5 7. Bd2 e6 8.
O-O-O Bb4 9. Kb1 Nbd7 10. a3 Bxc3 11. Bxc3 Qc7 12. Nf3 O-O-O 13. Ne5 Nxe5 14.
dxe5 Nd5 15. Bd2 h6 16. Bb3 Rd7 17. Rhe1 Rhd8 18. g4 Bg6 19. f4 Ne7 20. Kc1 Rd4
21. h4 c5 22. Bc4 Nd5 23. h5 Bh7 24. Qf1 Nb6 25. Ba2 Qd7 26. Be3 Rxd1+ 27. Rxd1
Qxd1+ 28. Qxd1 Rxd1+ 29. Kxd1 Nd7 30. Kd2 Be4 31. Bc4 Kc7 32. c3 Kc6 33. a4 a6
34. a5 Bf3 35. Be2 Bxe2 36. Kxe2 Kb5 37. Kd3 Kxa5 38. Ke4 Kb5 39. g5 hxg5 40.
fxg5 Kc4 41. h6 gxh6 42. gxh6 Nf8 43. b3+ Kxc3 44. Bxc5 Nh7 45. b4 Kc4 46. Be7
b6 47. Ke3 a5 48. bxa5 bxa5 49. Kd2 Kd4 50. Bf6 Ke4 51. Kc3 Kf5 52. Bg7 Kg6 53.
Kc4 Ng5 54. Kb5 Nf3 55. Kxa5 Nd4 56. Kb4 Nf5 57. Bf8 Nxh6 58. Kc5 Ng4 59. Kd6
Kf5 60. Bg7 Ne3 61. Ke7 Kg6 62. Bh8 Nd5+ 63. Ke8 Nf4 64. Bf6 1/2-1/2

[Event "Open 2003 des PSV Rostock"]
[Site "Rostock"]
[Date "2003.08.28"]
[Round "2.11"]
[White "Hornych, Christoph"]
[Black "Brack, Peter"]
[Result "1-0"]
[WhiteElo "2169"]
[BlackElo "1916"]
[PlyCount "109"]
[EventDate "2003.08.28"]
[EventType "swiss"]
[EventRounds "7"]
[EventCountry "GER"]
[Source "Th. Schwetlick"]
[SourceDate "2003.08.28"]

1. e4 e6 2. d4 d5 3. Nd2 dxe4 4. Nxe4 Nd7 5. Nf3 Be7 6. Bd3 Ngf6 7. Nxf6+ Bxf6
8. O-O O-O 9. Bf4 b6 10. Be4 Rb8 11. Qd3 h6 12. Qc3 Nc5 13. Bc6 Bb7 14. Bxb7
Rxb7 15. Ne5 Bxe5 16. Bxe5 Nd7 17. Qc6 Qc8 18. Rfe1 Nb8 19. Qf3 Nd7 20. Rad1 c6
21. Bd6 Re8 22. Rd3 Nf8 23. Qg4 Qd8 24. Rg3 Ng6 25. Be5 Rd7 26. h4 Qxh4 27.
Qxh4 Nxh4 28. Rxg7+ Kf8 29. Rh7 Ke7 30. Rxh6 Nf5 31. Bf6+ Kd6 32. Rh5 Rg8 33.
f3 Kc7 34. Be5+ Kb7 35. c3 c5 36. Rh7 cxd4 37. cxd4 Ka6 38. g4 Nxd4 39. Bxd4
Rxd4 40. Rxf7 Rd2 41. Rh7 Rf8 42. Rf1 Rxb2 43. Rh2 Rb4 44. Re2 Rf6 45. g5 Rf5
46. g6 Rg5+ 47. Rg2 Rbb5 48. f4 Rxg2+ 49. Kxg2 Rc5 50. g7 Rc8 51. Rg1 Rg8 52.
Kf3 Kb5 53. Ke4 Kc6 54. Ke5 Kd7 55. Kf6 1-0

[Event "Open 2003 des PSV Rostock"]
[Site "Rostock"]
[Date "2003.08.28"]
[Round "2.13"]
[White "Ott, Mathias"]
[Black "Dettmann, Gerd"]
[Result "0-1"]
[WhiteElo "1899"]
[BlackElo "2162"]
[PlyCount "104"]
[EventDate "2003.08.28"]
[EventType "swiss"]
[EventRounds "7"]
[EventCountry "GER"]
[Source "Th. Schwetlick"]
[SourceDate "2003.08.28"]

1. d4 Nf6 2. c4 e6 3. Nc3 Bb4 4. Qc2 c5 5. Nf3 Nc6 6. e3 O-O 7. Bd3 d5 8. cxd5
exd5 9. dxc5 Bxc5 10. O-O Nb4 11. Qd2 Nxd3 12. Qxd3 b6 13. a3 Bb7 14. b4 Be7
15. Bb2 Qd7 16. Ne2 Rac8 17. Rac1 Rxc1 18. Rxc1 Rc8 19. Rxc8+ Qxc8 20. Nf4 Qc4
21. Ne5 Qa2 22. Bd4 Ne4 23. Ne2 f6 24. Nf3 Ba6 25. b5 Bb7 26. Ne1 Qxa3 27. Qc2
Bc5 28. Bb2 Qb4 29. Nd3 Qxb5 30. Ndf4 Qc4 31. Qd1 Qa2 32. Bc1 Bd6 33. Nd3 Ba6
34. f3 Qc4 35. Nb2 Qxe2 36. Qxd5+ Kf8 37. Qa8+ Kf7 38. Qd5+ Ke7 39. Qxe4+ Kd7
40. Qa4+ Kc7 41. Qd1 Qxd1+ 42. Nxd1 Bc4 43. Kf2 a5 44. g3 a4 45. Nc3 a3 46. Ke1
b5 47. f4 b4 48. Ne4 Be7 49. Nd2 Be6 50. Nf3 b3 51. Nd4 Bb4+ 52. Kd1 Bg4+ 0-1

[Event "Open 2003 des PSV Rostock"]
[Site "Rostock"]
[Date "2003.08.28"]
[Round "2.13"]
[White "Schroeder, Christian"]
[Black "Dekker, Theus"]
[Result "1-0"]
[WhiteElo "2155"]
[BlackElo "1852"]
[PlyCount "151"]
[EventDate "2003.08.28"]
[EventType "swiss"]
[EventRounds "7"]
[EventCountry "GER"]
[Source "Th. Schwetlick"]
[SourceDate "2003.08.28"]

1. d4 d5 2. Nf3 Nf6 3. c4 c6 4. Nc3 a6 5. e3 b5 6. cxd5 cxd5 7. Bd3 e6 8. O-O
Bd6 9. e4 dxe4 10. Nxe4 Bb7 11. Bg5 Be7 12. Nc5 Bxc5 13. dxc5 Nc6 14. a3 Qd5
15. Rc1 Nd7 16. Bb1 Nce5 17. Qxd5 Bxd5 18. Nd2 Nc4 19. Nxc4 bxc4 20. Ba2 Ne5
21. Be3 O-O 22. Rfd1 Rfc8 23. Rc2 Nd3 24. Bd4 Nxc5 25. Bxc4 Nb3 26. Bxd5 Nxd4
27. Rcd2 exd5 28. Rxd4 g6 29. Rxd5 Rc2 30. R5d2 Rac8 31. g3 a5 32. Kg2 a4 33.
Rd8+ Rxd8 34. Rxd8+ Kg7 35. Rb8 h5 36. h4 Kf6 37. Kf3 Ke5 38. Rb4 Kd5 39. Ke3
Rc4 40. Rb5+ Kc6 41. Rb8 Kd5 42. Rb5+ Kc6 43. Ra5 Kb6 44. Ra8 Kb5 45. Ra7 f5
46. Rb7+ Kc5 47. Rg7 Re4+ 48. Kf3 Rg4 49. Rc7+ Kd5 50. Ra7 Kc5 51. Ra6 Kb5 52.
Re6 Kc4 53. Kg2 Kd5 54. Ra6 f4 55. Ra5+ Ke6 56. Kf3 fxg3 57. fxg3 Rc4 58. Rb5
Rd4 59. Rb4 Ke5 60. Ke3 Rg4 61. Rxg4 hxg4 62. Kd3 Kd5 63. Kc3 Ke4 64. b4 axb3
65. a4 Kf3 66. a5 Kxg3 67. a6 Kh2 68. a7 g3 69. a8=Q g2 70. Qb8+ Kh3 71. Qc8+
Kh2 72. Qc7+ Kh1 73. Qc6 Kh2 74. Qd6+ Kh3 75. Qxg6 b2 76. Kxb2 1-0

[Event "Open 2003 des PSV Rostock"]
[Site "Rostock"]
[Date "2003.08.28"]
[Round "2.14"]
[White "Hamann, Dirk"]
[Black "Wagner Michel, Annett"]
[Result "0-1"]
[WhiteElo "1709"]
[BlackElo "2145"]
[PlyCount "80"]
[EventDate "2003.08.28"]
[EventType "swiss"]
[EventRounds "7"]
[EventCountry "GER"]
[Source "Th. Schwetlick"]
[SourceDate "2003.08.28"]

1. e4 Nc6 2. d4 e5 3. Nf3 exd4 4. Nxd4 Qh4 5. Nc3 Bb4 6. Qd3 Nf6 7. Nxc6 Bxc3+
8. bxc3 dxc6 9. e5 Nd7 10. Qd4 Qe7 11. Bf4 c5 12. Qe3 Nb6 13. Be2 Nd5 14. Qf3
Be6 15. O-O O-O 16. Rfd1 Rad8 17. Qg3 Nxf4 18. Qxf4 f6 19. exf6 Rxd1+ 20. Rxd1
Qxf6 21. Qxf6 Rxf6 22. Rd8+ Kf7 23. Bf3 b6 24. Ra8 a5 25. a3 Ke7 26. Ra7 Kd7
27. Ra8 Rf4 28. Rh8 h6 29. Rh7 Rf7 30. Rh8 Bf5 31. Bd1 Kc6 32. c4 Rd7 33. Bf3+
Kd6 34. c3 Bd3 35. Bg4 Re7 36. Rd8+ Kc6 37. Bf3+ Be4 38. Bxe4+ Rxe4 39. Kf1
Rxc4 40. Rg8 Rxc3 0-1

[Event "Open 2003 des PSV Rostock"]
[Site "Rostock"]
[Date "2003.08.28"]
[Round "2.15"]
[White "Loeke, Patrick"]
[Black "Prosch, Carsten"]
[Result "0-1"]
[WhiteElo "1655"]
[BlackElo "2236"]
[PlyCount "46"]
[EventDate "2003.08.28"]
[EventType "swiss"]
[EventRounds "7"]
[EventCountry "GER"]
[Source "Th. Schwetlick"]
[SourceDate "2003.08.28"]

1. e4 c6 2. d4 d5 3. Nc3 dxe4 4. Nxe4 Nd7 5. Ng5 Ngf6 6. Bd3 e6 7. N1f3 Bd6 8.
Qe2 h6 9. Ne4 Nxe4 10. Bxe4 Nf6 11. Bd2 Nxe4 12. Qxe4 O-O 13. Bf4 Bxf4 14. Qxf4
Qb6 15. O-O-O c5 16. Ne5 Qa6 17. Kb1 cxd4 18. Rxd4 f6 19. Rhd1 fxe5 20. Qxe5
Qb6 21. Rg4 Rf7 22. Rdd4 Qc7 23. Rd6 a5 0-1

[Event "Open 2003 des PSV Rostock"]
[Site "Rostock"]
[Date "2003.08.28"]
[Round "2.16"]
[White "Seils, Joerg"]
[Black "Schmidt, Wolfgang"]
[Result "1-0"]
[WhiteElo "2370"]
[BlackElo "1776"]
[PlyCount "53"]
[EventDate "2003.08.28"]
[EventType "swiss"]
[EventRounds "7"]
[EventCountry "GER"]
[Source "Th. Schwetlick"]
[SourceDate "2003.08.28"]

1. e4 c5 2. Nf3 Nc6 3. Bb5 d5 4. exd5 Qxd5 5. Nc3 Qe6+ 6. Ne2 Bd7 7. d3 Qg4 8.
O-O e5 9. Ng3 f6 10. c3 h5 11. h3 Qg6 12. Nh4 Qh7 13. d4 Nge7 14. d5 Nb8 15.
Bd3 g6 16. d6 Nf5 17. Ne4 Bg7 18. Nxf5 gxf5 19. Nxc5 e4 20. Bc4 Qg6 21. Qd5 Nc6
22. Nxd7 Kxd7 23. Qe6+ Kd8 24. Bf4 Re8 25. Qf7 Qxf7 26. Bxf7 Rf8 27. Be6 1-0

[Event "Open 2003 des PSV Rostock"]
[Site "Rostock"]
[Date "2003.08.28"]
[Round "2.17"]
[White "Porsch, Harald"]
[Black "Oelke, Bernd"]
[Result "1-0"]
[WhiteElo "2248"]
[BlackElo "1826"]
[PlyCount "25"]
[EventDate "2003.08.28"]
[EventType "swiss"]
[EventRounds "7"]
[EventCountry "GER"]
[Source "Th. Schwetlick"]
[SourceDate "2003.08.28"]

1. e4 c6 2. Nc3 d5 3. Nf3 dxe4 4. Nxe4 Bf5 5. Ng3 Bg6 6. h4 h6 7. Ne5 Bh7 8.
Bc4 e6 9. Qe2 Qe7 10. d4 Nf6 11. Bf4 Nbd7 12. O-O-O O-O-O 13. Nxc6 1-0